Manažment verejných financií elektronické skriptá

Na minha lista:
Detalhes bibliográficos
Autor principal: Péliová, Jana, 1976-
Autor Corporativo: Ekonomická univerzita v Bratislave. Národohospodárska fakulta
Outros Autores: Ochotnický, Pavol, Kuchta, Ľuboš
Formato: Livro
Idioma:eslovaco
inglês
Publicado em: Bratislava Vydavateľstvo EKONÓM 2015
Edição:1. vyd.
Assuntos:
Tags: Adicionar Tag
Sem tags, seja o primeiro a adicionar uma tag!

MARC

LEADER 00000nlm a2200000 4500
001 0208338
005 20240502073450.1
020 |a 978-80-225-4148-0 
041 0 |a slo 
041 0 |a eng 
044 |a SK 
245 1 0 |a Manažment verejných financií  |b elektronické skriptá  |c Jana Péliová ; recenzenti: Pavol Ochotnický, Ľuboš Kuchta 
250 |a 1. vyd. 
264 1 |a Bratislava  |b Vydavateľstvo EKONÓM  |c 2015 
300 |a CD-ROM [526 s., 10,47] 
610 2 0 |a financie verejné 
610 2 0 |a riadenie finančné 
610 2 0 |a zodpovednosť rozpočtová 
610 2 0 |a politika fiškálna 
610 2 0 |a riziko finančné 
610 2 0 |a riadenie rizík 
610 2 0 |a likvidita 
610 2 0 |a dlhy verejné 
610 2 0 |a rozpočty verejné 
610 2 0 |a kríza finančná 
610 2 0 |a Slovensko 
100 1 |a Péliová, Jana, 1976- 
700 1 |a Ochotnický, Pavol 
700 1 |a Kuchta, Ľuboš 
710 2 |a Ekonomická univerzita v Bratislave. Národohospodárska fakulta